Birds of the South ; permanent and winter birds commonly found in gardens, fields, and woods /

Bibliographic Details
Main Author: Green, Charlotte Hilton
Format: Book
Language:English
Published: Chapel Hill : The University of North Carolina press, [1933]
Subjects:

MARC

Tag First Indicator Second Indicator Subfields
LEADER 00000cam a2200000 4500
001 in00000050632
005 20151007073808.0
008 751014s1933 ncuaf 00010 eng
010 |a  34000834  
035 |a (OCoLC)01702282 
035 |9 AAF0399AM 
040 |a DLC  |c DZM  |d TXA  |d UtOrBLW 
049 |a TXAM  |c [128435] 
050 0 0 |a QL683  |b .G7 
082 0 |a 598.2975 
092 |a 598.2  |b G795b 
100 1 |a Green, Charlotte Hilton. 
245 1 0 |a Birds of the South ;  |b permanent and winter birds commonly found in gardens, fields, and woods /  |c by Charlotte Hilton Green. 
264 1 |a Chapel Hill :  |b The University of North Carolina press,  |c [1933] 
264 4 |c [©1933] 
300 |a xv, 277 pages including frontispiece, illustrations :  |b color plates. ;  |c 22 cm. 
336 |a text  |b txt  |2 rdacontent 
337 |a unmediated  |b n  |2 rdamedia 
338 |a volume  |b nc  |2 rdacarrier 
500 |a "A number of these bird stories have appeared as Sunday features in the Raleigh news and observer."--Foreword. 
650 0 |a Birds  |z Southern States. 
650 0 |a Birds  |z North Carolina. 
999 |a MARS 
999 f f |s b5e3f3cb-08f1-331f-ace5-9fa14c3bfec1  |i ffb41730-1170-38c7-8c25-4b49cb999b4b  |t 0 
952 f f |p ric  |a Texas A&M University  |b Rellis Campus  |c Joint Library Facility  |d Remote Storage  |t 0  |e QL683 .G7  |h Library of Congress classification  |i unmediated -- volume  |m A14813848414 
998 f f |a QL683 .G7  |t 0  |l Remote Storage